Kamus mutiara bergambar anakku
| Main Author: | |
|---|---|
| Format: | Book |
| Published: |
Pahang :
PTS publications ,
2004
|
| Subjects: |
MARC
| LEADER | 00000cam a2200000 7i4500 | ||
|---|---|---|---|
| 001 | 0000078612 | ||
| 005 | 20180213.0 | ||
| 008 | 180213 | ||
| 020 | |a 9789830984827 | ||
| 020 | |a 9830984826 | ||
| 090 | 0 | 0 | |a DIC |b MAL |
| 100 | 1 | |a Johari Yaman | |
| 245 | 1 | 0 | |a Kamus mutiara bergambar anakku |c Johari Yaman |
| 260 | |a Pahang : |b PTS publications , |c 2004 | ||
| 500 | |a Children ages 7-9 years old (orange) | ||
| 650 | 0 | |a Scinece | |
| 999 | |a 0000011665 |b Book |c Children Collection |e Cawangan Taman Universiti | ||